| 000 | 00876nam a2200217 u 4500 | ||
|---|---|---|---|
| 001 | 000020446 | ||
| 005 | 20200930011120.0 | ||
| 008 | 100813s2015 dr ac 000 0 spa d | ||
| 020 | _a9789945084405 | ||
| 040 |
_aDO-SdBNP _bspa _cBNPHU |
||
| 082 |
_a663.18 _bY51t |
||
| 245 | 0 | 0 |
_aYin Tieh Hsieh : _bcincuenta años de desarrollo de variedades arroceras en la República Dominicana y su impacto en la sociedad / _crecopilación de informaciones por Antonio Gil. |
| 260 |
_aSanto Domingo : _bCorripio, _c2015. |
||
| 300 |
_a220 p. : _bil. , retrs. ; _c23 cm. |
||
| 500 | _aIncluye datos biográficos del autor en las solapas | ||
| 590 | _aInventariado, 2018/ YL | ||
| 610 | 2 | 4 |
_aMISIÓN DE COOPERACIÓN TÉCNICA DE TAIWÁN _943119 |
| 650 | 4 |
_aArroz _xCultivo _xHistoria _943120 |
|
| 650 | 4 |
_aChinos en república dominicana _943121 |
|
| 910 | _aValidados. Control de calidad MFF | ||
| 999 |
_c19950 _d19950 |
||